000
00397nam a2200145Ia 4500
008
100122s9999 xx 000 0 und d
082
_b
34787
_a
823
100
_a
मेहता शशिकला
245
_a
अद्वैत
260
_b
स्मिता प्रकाशन
_c
1983
300
_a
176
630
_a
अद्वैत
730
_a
अद्वैत
942
_c
BOOK
999
_c
418250
_d
418247